Papers on general topology and applications : eighth summer conference at Queens College /
Guardado en:
| Autor Corporativo: | |
|---|---|
| Otros Autores: | |
| Formato: | Libro |
| Idioma: | English |
| Publicado: |
New York, N.Y. :
New York Academy of Sciences,
1994.
|
| Series: | Annals of the New York Academy of Sciences,
v. 728 |
| Materias: | |
| Etiquetas: |
Agregar Etiqueta
Sin Etiquetas, Sea el primero en etiquetar este registro!
|
| LEADER | 04093pam a2200265 a 4500 | ||
|---|---|---|---|
| 001 | MAT.inmabb003283 | ||
| 008 | 940922s1994####nyua#####b####101#0#eng## | ||
| 005 | 20160531162844.0 | ||
| 245 | 0 | 0 | |a Papers on general topology and applications : |b eighth summer conference at Queens College / |c edited by Susan Andima ... [et al.]. |
| 260 | |a New York, N.Y. : |b New York Academy of Sciences, |c 1994. | ||
| 300 | |a x, 355 p. : |b il. ; |c 23 cm. | ||
| 440 | 0 | |a Annals of the New York Academy of Sciences, |x 0077-8923 ; |v v. 728 | |
| 500 | |a Papers from the 1992 Summer Conference on General Topology and Applications held June 18-20. | ||
| 504 | |a Incluye referencias bibliográficas e índices. | ||
| 505 | 0 | |a Paul Bankston, Topological measures of systems of sets -- J. Ferrer and V. Gregori, Topological linearly ordered spaces determined by Pervin's quasi-uniformity -- Salvador García-Ferreira, Some generalizations of pseudocompactness -- Mai Gehrke, Uniquely representable posets -- T. R. Hamlett and Dragan Jankovi 'c, On weaker forms of paracompactness, countable compactness, and Lindelöfness -- R. E. Hodel, $ kappa$-structures and topology -- Hans-Peter A. Künzi and Václav Vajner, Weighted quasi-metrics -- H. A. Priestley, Intrinsic spectral topologies -- Frank P. Prokop, A step beyond topology -- Salvador Romaguera, On complete Aronszajn quasi-metric spaces and subcompactness -- . Pramila Srivastava and Sangita Singh, $ psi X$ in the categorical perspective and the proximal adjunction space -- Pramila Srivastava and Mona Khare, Pointwise compatibility, lattices of $f$-proximities and counterexamples -- Zhanbo Yang, Some properties of Shimrat's spaces -- Gabor T. Herman, Jordan pairs of adjacency relations in digital spaces -- Alexander V. Evako and Robert A. Melter, Graphical dimension for line segments -- Vladimir Kovalevsky and Ralph Kopperman, Some topology-based image processing algorithms -- S. G. Matthews, Partial metric topology -- Thomas J. Peters, David W. Rosen and Suzanne M. Dorney, The diversity of topological applications within computer-aided geometric design -- Michael D. Rice, Covering spaces, boundary sets, and interconnection networks -- Shahla Ahdout, Carol Hurwitz, Gerald Itzkowitz, Sheldon Rothman and Helen Strassberg, Maximal protori in compact topological groups -- . W. W. Comfort, Helma Gladdines and Jan van Mill, Proper pseudocompact subgroups of pseudocompact abelian groups -- W. W. Comfort, T. Soundararajan and F. J. Trigos-Arrieta, Determining a weakly locally compact group topology by its system of closed subgroups -- Salvador Hernández and Manuel Sanchis, Dugundji spaces in the coset space $G/H$ -- Masoud Sabbaghan and Ta-Sun Wu, Noncoalescent minimal discrete flows -- Dmitri B. Shakhmatov, A direct proof that every infinite compact group $G$ contains $ {0,1 }{w(G)}$ -- T. Christine Stevens, Nonproduct group topologies for $ bold Rn$ -- F. Javier Trigos-Arrieta, Normality and the weak topology on a locally compact abelian group -- Jesús Araujo, Edward Beckenstein and Lawrence Narici, Biseparating maps and rings of continuous functions -- Cho-Ho Chu, On the weak topology in operator algebras -- Jo-Ann Cohen and Kwangil Koh, Topological and algebraic properties of the subgroup generated by the involutions in a compact ring -- Jo-Ann Cohen, David Mathews and Niel Shell, $F$-transcendental Ostrowski nets -- I. Namioka, $ sigma$-fragmented Banach spaces and function spaces -- Vicen c tiu D. R u adulescu, Vector norms and duality properties in normed vector spaces -- Niel Shell, Residue class topologies -- A. Sultan, Some topological results on sets of measures defined on the structure space of Banach algebras. | |
| 510 | 4 | |a MR, |c 98d:54001 | |
| 020 | |a 0897668189 (pbk) | ||
| 020 | |a 0897668170 | ||
| 700 | 1 | |a Andima, Susan, |d 1943- |4 edt | |
| 711 | 2 | |a Summer Conference on General Topology and Applications |n (8ª : |d 1992 : |c Queens College, New York) | |
| 650 | 0 | |a Topology |x Congresses. | |
| 084 | |a 54-06 (00B25) |2 MR | ||
| 010 | |a 94038748 | ||
| 040 | |a DLC |c DLC |d DLC | ||
| 859 | |h 54 |i Su955-8 |p A-6913 |b BIB. MATEMATICA | ||
